| 000 | 00603nam a2200181 i 4500 | ||
|---|---|---|---|
| 001 | 32440 | ||
| 003 | ES-MaACL | ||
| 005 | 20230906154556.0 | ||
| 007 | t| | ||
| 008 | 030131s1975 sp ||||1| spa d | ||
| 100 | 1 |
_aBenito Ruano, Eloy. _927689 |
|
| 245 | 1 | 0 |
_aGómez Arias, mercader de Avilés / _cEloy Benito Ruano. |
| 260 |
_aOviedo : _bUniversidad, Departamento de Historia Medieval, _c1975. |
||
| 300 |
_a19 h., 1 lám. ; _c24 cm. |
||
| 500 | _aEs separata de: Asturiensia Medievalia, 2, p. 279-314. | ||
| 651 | 4 |
_aAvilés- _xHistoria- _vFuentes. _9164904 |
|
| 852 |
_aES-MaACL _j2109-F-17 _bR.95252 |
||
| 999 |
_c32440 _d32440 |
||